Quiz sur la Drôme - Statistiques

Statistiques générales
  • Ce quiz a été pris 730 fois
  • Le résultat moyen est 13 sur 20
Statistiques - réponses
Question Réponse % Correct
Numéro du département 26
98%
Préfecture et plus grande ville Valence
95%
Ardèche
92%
Région Auvergne-Rhône-Alpes
92%
Isère
88%
Spécialité gastronomique de Montélimar, deuxième ville du département. Nougat
84%
Vaucluse
80%
Nom du facteur qui a réalisé son Palais idéal, caractéristique de l'architecture naïve. Cheval
75%
Gentilé Drômois
74%
Animaux qui font la renommée d'une ferme de Pierrelatte. Crocodiles
63%
Hautes-Alpes
60%
Sous-préfecture Die
55%
Parc naturel régional de l'est du département (autre que celui des Baronnies provençales). Parc naturel régional du Vercors
55%
Ancienne province à laquelle appartenait la quasi-totalité du département jusqu'à la Révolution française. Dauphiné
53%
Départements limitrophes Alpes-de-Haute-Provence
49%
Village classé parmi les plus beaux de France connu pour son château où séjourna Madame de Sévigné. Grignan
49%
Nom de l'enclave située dans le sud de la Drôme, appartenant au département voisin. Enclave des Papes
43%
Nyons
42%
Artiste de la Drôme connue pour ses avis tranchés dans La France a un incroyable talent ou Nouvelle Star. Marianne James
24%
Nombre d'habitants (arrondi à la dizaine de milliers d'habitants) 510 000 (511 553)
23%
Aucun quiz correspondant
Distribution des résultats
% des personnes avec chaque résultat
Percentile par nombre de réponses
Votre historique - résultats
Vous n’avez pas pris ce quiz